Algo sobre la evolución de las doctrinas penales / (Record no. 181176)

MARC details
000 -LEADER
campo de control de longitud fija 01016nam a2200217 i 4500
001 - NÚMERO DE CONTROL
campo de control 181176
003 - IDENTIFICADOR DE NÚMERO DE CONTROL
campo de control ES-MaACL
005 - FECHA Y HORA DE LA ÚLTIMA TRANSACCIÓN
campo de control 20250809034614.0
008 - DATOS DE LONGITUD FIJA--INFORMACIÓN GENERAL
campo de control de longitud fija 121029s1913 sp |||| | spa d
100 1# - ENTRADA PRINCIPAL--NOMBRE DE PERSONA
Nombre de persona Guichot y Barrera, Joaquín (
Fechas asociadas al nombre 1884-1944)
9 (RLIN) 60651
245 10 - MENCIÓN DEL TÍTULO
Título Algo sobre la evolución de las doctrinas penales /
Mención de responsabilidad, etc. por Joaquín Guichot ; prólogo de Bernardino Alimena.
260 ## - PUBLICACIÓN, DISTRIBUCIÓN, ETC.
Lugar de publicación, distribución, etc. [Madrid :
Nombre del editor, distribuidor, etc. Junta para Ampliación de Estudios e Investigaciones Científicas,
Fecha de publicación, distribución, etc. 1913] (
Fabricante Imp. de Fortanet)
300 ## - DESCRIPCIÓN FÍSICA
Extensión P. 214-390 ;
Dimensiones 24 cm.
490 1# - MENCIÓN DE SERIE
Mención de serie Anales de la Junta para Ampliación de Estudios e Investigaciones Científicas ;
Designación de volumen o secuencia t. 9, memoria 5
650 07 - PUNTO DE ACCESO ADICIONAL DE MATERIA--TÉRMINO DE MATERIA
Término de materia o nombre geográfico como elemento de entrada Derecho penal
Fuente del encabezamiento o término embne
9 (RLIN) 11749
700 1# - ENTRADA AGREGADA--NOMBRE PERSONAL
Nombre de persona Alimena, Bernardino.
9 (RLIN) 19935
710 2# - ENTRADA AGREGADA--NOMBRE DE ENTIDAD CORPORATIVA
Nombre de entidad corporativa o nombre de jurisdicción como elemento de entrada Junta para la Ampliación de Estudios e Investigaciones Científicas.
9 (RLIN) 5413
830 0# - PUNTO DE ACCESO ADICIONAL DE SERIE-TÍTULO UNIFORME
Título uniforme Anales de la Junta para Ampliación de Estudios e Investigaciones Científicas ;
Designación de volumen o secuencia t. 9, memoria 5
9 (RLIN) 186710
852 ## - LOCALIZACIÓN
Ubicación ES-MaACL
Número de control de estantería B-13165(4)
Holdings
Estatus retirado Estado de pérdida Estado de daño No para préstamo Biblioteca de origen Biblioteca actual Ubicación en estantería Fecha de adquisición Fuente de adquisición Total de préstamos Signatura topográfica completa Código de barras Visto por última vez Precio de reemplazo Tipo de ítem Koha
        Biblioteca del Ateneo de Madrid Biblioteca del Ateneo de Madrid Sala Pardo Bazán 29/10/2012     B-13165(4) 1190390 23/02/2023 23/02/2023 Libro impreso